OPAC Home

Brief record of a crowded life or a life sketch of the Rev.Fr.Gnana Prakasar O.M.I,of the Jaffna Diocese (Record no. 93179)

MARC details
000 -LEADER
fixed length control field 00477nam a2200157Ia 4500
003 - CONTROL NUMBER IDENTIFIER
control field LK-CoDNM
008 - FIXED-LENGTH DATA ELEMENTS--GENERAL INFORMATION
fixed length control field 010623t1926 xxu||||| |||| 00| 1 eng d
040 ## - CATALOGING SOURCE
Original cataloging agency LK-CoDNM
Modifying agency LK-CoDNM
Description conventions LK-CoDNM
041 ## - LANGUAGE CODE
Language code of text/sound track or separate title English
080 ## - UNIVERSAL DECIMAL CLASSIFICATION NUMBER
Universal Decimal Classification number 50
Item number C15
942 ## - ADDED ENTRY ELEMENTS (KOHA)
Koha item type Books
100 ## - MAIN ENTRY--PERSONAL NAME
Personal name Fernando,S.Joseph
245 ## - TITLE STATEMENT
Title Brief record of a crowded life or a life sketch of the Rev.Fr.Gnana Prakasar O.M.I,of the Jaffna Diocese
260 ## - PUBLICATION, DISTRIBUTION, ETC. (IMPRINT)
Name of publisher, distributor, etc. Lord Kitchener Press
Place of publication, distribution, etc. Colombo
Date of publication, distribution, etc. 1926
300 ## - PHYSICAL DESCRIPTION
Other physical details 15P,1ill., 21 cm
Holdings
Withdrawn status Lost status Damaged status Not for loan Collection code Permanent Location Current Location Date acquired Full call number Barcode Koha item type
    Damaged   Old Books Collection Library National Museum Colombo - Sri Lanka Library National Museum Colombo - Sri Lanka 2023-08-02 50 C 15 OB553 31 Books
Copyright © 2023 Department of National Museum, Colombo 07, Sri Lanka Funded by UNESCO IFAP UNESCO